000 00814nam a2200289Ia 4500
001 63070
003 IT-RoPAU
008 130308s9999 xx 000 0 und d
040 _aIT-RoPAU
040 _cIT-RoPAU
041 _aITALIANO
100 _aMessina Rietta
100 _gCodice Aut. SPICS: 22292
245 _aAbbigliamento femminile italiano (L'): un prodotto industriale di successo
245 _bModa Italiana (La)-Dall'Antimoda Allo Stilismo
250 _a1a ed.
260 _aMILANO
260 _bElecta
260 _c1986 [1° Ed.:1986 - Ed.Ling.Originale:1986]
300 _a"6 p. (prefazione: no ; testo: 6 [pagine: 26-31])"
650 _aSTORIA UNIVERSALE DELLE ARTI VISIVE
650 _eCodice materia Spics: 5009
942 _cBK
957 _71
999 _c47272
_d47272
999 _bSI
999 _g1